| 000 | 02375nam0a2200385 4500 | ||
|---|---|---|---|
| 001 | RU\NLR\BIBL_A\016261997 | ||
| 005 | 20230301140354.0 | ||
| 010 |
_a978-5-9287-3386-5 _910000 |
||
| 021 |
_aRU _bКН-П-22-037320 _9КН-П-22-7854 |
||
| 035 | _a(NLR Aleph) 016261997 | ||
| 035 | _a(RuMoRGB)011468848 | ||
| 090 |
_a12858918 _c12858918 |
||
| 100 | _a20230118d2022 c y0rusy50 ca | ||
| 101 | 0 | _arus | |
| 102 | _aRU | ||
| 105 | _a |||z|||000ay | ||
| 181 | 0 |
_ai3 _baxxe |
|
| 181 | 0 |
_ab1 _bxb2e |
|
| 182 | 0 | _an | |
| 200 | 1 |
_aЧёрно-бурая лиса _e[сборник] _fЮз Алешковский _g[художник: Анна Хопта] |
|
| 203 |
_aТекст _aИзображение _bвизуальные _cнепосредственные |
||
| 210 |
_aМосква _cЛабиринт Пресс _d2022 |
||
| 215 |
_a173, [2] с. _cцв. ил. _d24 |
||
| 225 | 1 | _aДрузья-приятели | |
| 327 | 1 | _aСодерж.: Чёрно-бурая лиса; Первое и второе; Морозные дни; Белая мышь; День рождения великого человека | |
| 330 | _aЭх, и почему взрослым кажется, что в двенадцать лет у человека всего-то и есть важных дел, что хорошо учиться в школе? Писать диктанты, учить правила... Но ведь приходится в жизни решать такие задачки, ответов к которым не найдешь в школьном учебнике! Правильно ли смолчать, когда знаешь, кто виноват в краже школьной клубники? Можно ли не совершить в жизни ни единой ошибки? Как воспитать в себе воображение? И почему белую мышку из зоомагазина в квартиру принести можно, а лягушку нельзя? | ||
| 333 | _aДля детей 7-10 лет; 0+ | ||
| 686 | 0 | _aШ9(2)60=Р7-4 | |
| 700 | 1 |
_7ca _8rus _aАлешковский _bЮ. _f1929-2022 _gЮз _9121023 _3RU\NLR\AUTH\7711270 |
|
| 702 | 1 |
_aХопта _bА. _gАнна _4040 |
|
| 942 | _cBOOK | ||
| 980 | _aNB | ||